[Event "SVK-chT2C 1516"]
[Site "Slovakia"]
[Date "2015.11.07"]
[Round "3.8"]
[White "Topolovsky, Vincent"]
[Black "Tatarka, Juraj"]
[Result "1/2-1/2"]
[WhiteElo "1937"]
[BlackElo "1858"]
[PlyCount "180"]
[EventDate "2015.10.17"]
[EventType "team-tourn"]
[EventRounds "11"]
[EventCountry "SVK"]
[SourceTitle "CBM 169 Extra"]
[Source "ChessBase"]
[SourceDate "2015.12.18"]
[SourceVersion "1"]
[SourceVersionDate "2015.12.18"]
[SourceQuality "1"]
[WhiteTeam "Banska Bystrica Kurta"]
[BlackTeam "Cadca Caissa II"]
[WhiteTeamCountry "SVK"]
[BlackTeamCountry "SVK"]

1. Nf3 d6 2. d4 g6 3. g3 Bg7 4. Bg2 Nf6 5. c4 0-0 6. Nc3 d5 7. 0-0 dxc4 8. Ne5 c6 9. Nxc4 Nbd7 10. e3 Nb6 11. Ne5 Nfd5 12. Nd3 Nc4 13. Ne2 Bg4 14. b3 Nc3 15. Qc2 Nxe2+ 16. Kh1 Nxc1 17. Raxc1 Nb6 18. Nc5 Qc8 19. Nxb7 Qxb7 20. Bxc6 Qc8 21. Qe4 Qf5 22. Qxf5 Bxf5 23. Bxa8 Rxa8 24. f3 Bd3 25. Rfe1 Ba6 26. Rc5 e6 27. Kg2 Bf8 28. Rc6 Bb4 29. Rd1 Be2 30. Rdc1 Bb5 31. Rc7 Ba6 32. Kf2 Nd5 33. R7c2 Ba3 34. Rd1 Nb4 35. Rc7 Nd5 36. Rc6 Bb5 37. Rc2 Bd6 38. a4 Bd7 39. e4 Nb6 40. a5 Rc8 41. Rdc1 Rxc2+ 42. Rxc2 Na8 43. Rc4 Kf8 44. Ke3 Ke7 45. e5 Bc7 46. Rc5 a6 47. f4 Bb5 48. b4 Kd7 49. d5 exd5 50. Rxd5+ Ke7 51. Rc5 Bd8 52. g4 Nb6 53. Ke4 Na4 54. Rc2 Ke8 55. g5 Bd7 56. Rd2 Be7 57. Rd4 Nc3+ 58. Ke3 Nb5 59. Rc4 Na3 60. Rc7 Bb5 61. Rc8+ Kd7 62. Rh8 Bxb4 63. Rxh7 Ke6 64. h4 Nc2+ 65. Ke4 Be2 66. Rh8 Bxa5 67. Rc8 Bg4 68. Rc6+ Ke7 69. Rxa6 Be1 70. Ra7+ Kf8 71. h5 Bxh5 72. f5 gxf5+ 73. Kxf5 Bg6+ 74. Kf6 Ke8 75. Ra8+ Kd7 76. e6+ fxe6 77. Kxg6 Bh4 78. Ra4 Bg3 79. Kf6 Ne3 80. g6 Nd5+ 81. Kf7 Be5 82. Ra7+ Nc7 83. Rb7 Bh8 84. g7 Bxg7 85. Kxg7 Kc6 86. Rb1 Nd5 87. Kg6 Kd6 88. Kg5 Ke5 89. Re1+ Kd6 90. Re4 Ke7 1/2-1/2

[Event "SVK-chT2C 1415"]
[Site "Slovakia"]
[Date "2015.02.15"]
[Round "9.7"]
[White "Mikulec, Martin"]
[Black "Tatarka, Juraj"]
[Result "0-1"]
[WhiteElo "1781"]
[BlackElo "1816"]
[PlyCount "108"]
[EventDate "2014.10.11"]
[EventType "team-tourn"]
[EventRounds "11"]
[EventCountry "SVK"]
[SourceTitle "EXT 2016"]
[Source "ChessBase"]
[SourceDate "2015.10.08"]
[SourceVersion "1"]
[SourceVersionDate "2015.10.08"]
[SourceQuality "1"]
[WhiteTeam "Banska Bystrica Veza"]
[BlackTeam "Cadca Caissa II"]
[WhiteTeamCountry "SVK"]
[BlackTeamCountry "SVK"]

1. e4 e5 2. d4 exd4 3. c3 dxc3 4. Bc4 d6 5. Nxc3 Be6 6. Bxe6 fxe6 7. Qh5+ g6 8. Qb5+ Nd7 9. Qxb7 a6 10. Nge2 Ne7 11. Qb3 Nc5 12. Qc2 Bg7 13. Be3 Nd7 14. Nf4 Nf8 15. 0-0 Nc6 16. Rac1 Qd7 17. Nd3 Nd4 18. Bxd4 Bxd4 19. Na4 e5 20. Nb4 Ne6 21. Qc6 Qxc6 22. Rxc6 a5 23. Nd5 Kd7 24. Rfc1 Rhc8 25. Kf1 Nc5 26. Nxc5+ Bxc5 27. R1xc5 dxc5 28. Rxc5 Kd6 29. Rc4 Ra6 30. Ke2 c6 31. Nc3 Rb8 32. Na4 Rb4 33. Kd3 Rxc4 34. Kxc4 Ra8 35. b3 Rb8 36. Nc3 g5 37. h3 h5 38. Nd1 Rb4+ 39. Kc3 Rxe4 40. Ne3 Rf4 41. f3 e4 42. fxe4 Rxe4 43. Nc4+ Kc7 44. Kd3 Re1 45. a4 Rg1 46. Ne3 Rb1 47. Kc3 Rc1+ 48. Kd3 Kd7 49. Nc4 Rg1 50. Ne5+ Kc7 51. g4 Rg3+ 52. Kc4 Rxh3 53. gxh5 Rxh5 54. Kd3 Rh4 0-1

[Event "SVK-chT2C 1415"]
[Site "Slovakia"]
[Date "2014.10.12"]
[Round "2.8"]
[White "Durica, Adam"]
[Black "Tatarka, Juraj"]
[Result "0-1"]
[WhiteElo "1667"]
[BlackElo "1816"]
[PlyCount "82"]
[EventDate "2014.10.11"]
[EventType "team-tourn"]
[EventRounds "11"]
[EventCountry "SVK"]
[SourceTitle "EXT 2016"]
[Source "ChessBase"]
[SourceDate "2015.10.08"]
[SourceVersion "1"]
[SourceVersionDate "2015.10.08"]
[SourceQuality "1"]
[WhiteTeam "Liptov Chess School III"]
[BlackTeam "Cadca Caissa II"]
[WhiteTeamCountry "SVK"]
[BlackTeamCountry "SVK"]

1. Nf3 d6 2. g3 e5 3. d3 Be7 4. c3 Nf6 5. Bg2 0-0 6. Nbd2 h6 7. 0-0 Nh7 8. Qc2 Ng5 9. Rd1 Nxf3+ 10. Nxf3 Nc6 11. d4 exd4 12. Nxd4 Nxd4 13. cxd4 d5 14. Bf4 c6 15. a3 Bd6 16. Qd2 Bxf4 17. Qxf4 Be6 18. Rac1 Qb6 19. Rd2 Rae8 20. e3 Qa5 21. Rdc2 Bc8 22. Rc3 Re6 23. b4 Qb6 24. Bxd5 Rf6 25. Qe5 Rf5 26. Qe4 Rxd5 27. Qf3 Be6 28. Rc5 Rfd8 29. Qf4 Qa6 30. R1c3 Bh3 31. Rc1 Rxc5 32. bxc5 Qxa3 33. Rb1 Qa2 34. Re1 Qd5 35. e4 Qxd4 36. Qh4 Bc8 37. Qe7 Qd7 38. Qe5 Re8 39. Qf4 Qe7 40. Qe3 Qg5 41. f4 Qh5 0-1

[Event "SVK-chT2C 1314"]
[Site "Slovakia"]
[Date "2014.02.22"]
[Round "8.8"]
[White "Tatarka, Juraj"]
[Black "Hlavac, Pavol"]
[Result "1-0"]
[WhiteElo "1866"]
[BlackElo "1725"]
[PlyCount "75"]
[EventDate "2013.10.19"]
[EventType "team-tourn"]
[EventRounds "11"]
[EventCountry "SVK"]
[SourceTitle "EXT 2015"]
[Source "ChessBase"]
[SourceDate "2014.11.20"]
[SourceVersion "1"]
[SourceVersionDate "2014.11.20"]
[SourceQuality "1"]
[WhiteTeam "Cadca II"]
[BlackTeam "Liptovska Stiavnica"]
[WhiteTeamCountry "SVK"]
[BlackTeamCountry "SVK"]

1. e4 d5 2. exd5 Nf6 3. Nf3 Nxd5 4. Be2 g6 5. d4 Bg7 6. c3 0-0 7. 0-0 Nc6 8. Bg5 Qe8 9. Re1 a6 10. Nbd2 b5 11. Nb3 Bb7 12. Nc5 Qc8 13. h3 Re8 14. Nh2 Rb8 15. Bf3 e6 16. Ng4 Ba8 17. Bxd5 exd5 18. Nf6+ Bxf6 19. Bxf6 Rxe1+ 20. Qxe1 Qf5 21. Bh4 a5 22. Bg3 Rc8 23. a3 a4 24. Na6 Qd7 25. Qe3 Nd8 26. Nc5 Qc6 27. Re1 Nb7 28. Nxb7 Bxb7 29. Qe5 Qd7 30. Bf4 c5 31. dxc5 Bc6 32. Bh6 f5 33. Qf6 Qf7 34. Qd6 Re8 35. Rxe8+ Bxe8 36. c6 Bxc6 37. Qxc6 Qe7 38. Qxd5+ 1-0

[Event "SVK-chT2C 1314"]
[Site "Slovakia"]
[Date "2013.11.24"]
[Round "4.8"]
[White "Tatarka, Juraj"]
[Black "Adamciak, Tomas"]
[Result "0-1"]
[WhiteElo "1866"]
[BlackElo "1844"]
[PlyCount "32"]
[EventDate "2013.10.19"]
[EventType "team-tourn"]
[EventRounds "11"]
[EventCountry "SVK"]
[SourceTitle "EXT 2015"]
[Source "ChessBase"]
[SourceDate "2014.11.20"]
[SourceVersion "1"]
[SourceVersionDate "2014.11.20"]
[SourceQuality "1"]
[WhiteTeam "Cadca II"]
[BlackTeam "Liptov Chess School II"]
[WhiteTeamCountry "SVK"]
[BlackTeamCountry "SVK"]

1. e4 c5 2. Nf3 Nc6 3. d4 cxd4 4. Nxd4 e6 5. Nc3 Qc7 6. a3 Nf6 7. Bg5 Be7 8. Ndb5 Qb8 9. f4 a6 10. Bxf6 gxf6 11. Nd4 Qxf4 12. g3 Qe3+ 13. Nde2 Bc5 14. Qd3 Qf2+ 15. Kd1 Ne5 16. Qd2 Nf3 0-1

[Event "SVK-chT2C 1213"]
[Site "Slovakia"]
[Date "2013.03.17"]
[Round "11.6"]
[White "Listiak, Juraj"]
[Black "Tatarka, Juraj"]
[Result "1-0"]
[WhiteElo "1975"]
[BlackElo "1851"]
[PlyCount "37"]
[EventDate "2012.10.13"]
[EventType "team-tourn"]
[EventRounds "11"]
[EventCountry "SVK"]
[SourceTitle "EXT 2015"]
[Source "ChessBase"]
[SourceDate "2014.11.20"]
[SourceVersion "1"]
[SourceVersionDate "2014.11.20"]
[SourceQuality "1"]
[WhiteTeam "Banska Bystrica Kurta"]
[BlackTeam "Cadca Caissa II"]
[WhiteTeamCountry "SVK"]
[BlackTeamCountry "SVK"]

1. e4 e5 2. Nf3 d6 3. d4 exd4 4. Nxd4 Be7 5. Nc3 Nf6 6. f3 Bd7 7. Be3 Nc6 8. Qd2 Nh5 9. 0-0-0 Nxd4 10. Bxd4 Bg5 11. Be3 Bxe3 12. Qxe3 0-0 13. g4 Nf6 14. h4 Bc6 15. Bc4 Qe7 16. h5 h6 17. g5 hxg5 18. Qxg5 Nd5 19. Rxd5 1-0